000 00539nam a2200181Ia 4500
008 100921s9999 xx 000 0 und d
082 _b99
_a891.463 थ 48
100 _aमर्ढेकर बा.सी.
245 _aपाणी.
260 _bयुगवाणी प्रकाशन,मुंबई.
_c1948
300 _a127
_b---
365 _b3
520 _aललित-कादंबरी.
630 _aपाणी.
650 _aललित-कादंबरी.
730 _aपाणी.
942 _cBOOK
999 _c749212
_d749209